000 00535nam a2200133 a 4500
001 000035638
005 20200930074507.0
008 111107s1901 ag 000 0 spa d
040 _aDO-SdBNP
_bspa
_cBNPHU
245 0 0 _aCatálogo de documentos del archivo de Indias en Sevilla referentes á la historia historia de la República de Argentina 1514-1810.
260 _aBuenos Aires :
_bTaller tipográfico de la Penitenciaría Nacional,
_c1901.
300 _a640 p. ;
_c27 cm.
710 1 _aMinisterio de Relaciones Exteriores y Culto
_961555
999 _c35129
_d35129